UEFA National Teams - Statistics

General Stats
  • This quiz has been taken 26 times
  • The average score is 50 of 55
Answer Stats
Answer % Correct
Belgium
100%
England
100%
Finland
100%
Ireland
100%
Latvia
100%
Netherlands
100%
Slovakia
100%
Slovenia
100%
Sweden
100%
Albania
96%
Austria
96%
Croatia
96%
Czech Republic
96%
Denmark
96%
France
96%
Germany
96%
Greece
96%
Iceland
96%
Italy
96%
Lithuania
96%
Norway
96%
Portugal
96%
Romania
96%
Russia
96%
Serbia
96%
Spain
96%
Ukraine
96%
Azerbaijan
91%
Estonia
91%
Hungary
91%
Israel
91%
Kosovo
91%
Luxembourg
91%
Malta
91%
Montenegro
91%
Northern Ireland
91%
Poland
91%
Switzerland
91%
Turkey
91%
Andorra
87%
Belarus
87%
Bosnia and Herzegovina
87%
Bulgaria
87%
North Macedonia
87%
Scotland
87%
Wales
87%
Armenia
83%
Georgia
83%
Liechtenstein
78%
Moldova
78%
San Marino
78%
Kazakhstan
74%
Cyprus
70%
Faroe Islands
70%
Gibraltar
57%
No matching quizzes found
Score Distribution
Percent of People with Each Score
Percentile by Number Answered
Your Score History
You have not taken this quiz